| 000 -LEADER |
| fixed length control field |
00719cam a2200217 a 4500 |
| 020 ## - INTERNATIONAL STANDARD BOOK NUMBER |
| ISBN |
0851989632 : |
| 040 ## - CATALOGING SOURCE |
| Transcribing agency |
Uk |
| 082 00 - DEWEY DECIMAL CLASSIFICATION NUMBER |
| Classification number |
632 CAB 1995 A052 Or. |
| 100 1# - MAIN ENTRY--AUTHOR NAME |
| Personal name |
Panda, Niranjan. |
| 245 10 - TITLE STATEMENT |
| Title |
Host plant resistance to insects / |
| 260 ## - PUBLICATION, DISTRIBUTION, ETC. (IMPRINT) |
| Place of publication |
Wallingford, Oxon, UK : |
| Name of publisher |
CAB International in association with the International Rice Research Institute, |
| Year of publication |
c1995. |
| 300 ## - PHYSICAL DESCRIPTION |
| Number of Pages |
xiii, 431 p. : |
| Other physical details |
ill. ; |
| Dimensions |
24 cm. |
| 650 #0 - SUBJECT ADDED ENTRY--TOPICAL TERM |
| Topical Term |
Plants |
| 650 #0 - SUBJECT ADDED ENTRY--TOPICAL TERM |
| Topical Term |
Insects |
| 650 #0 - SUBJECT ADDED ENTRY--TOPICAL TERM |
| Topical Term |
Plants |
| 650 #0 - SUBJECT ADDED ENTRY--TOPICAL TERM |
| Topical Term |
Plant immunochemistry. |
| 700 1# - ADDED ENTRY--PERSONAL NAME |
| Personal name |
Khush, Gurdev S. |
| 856 42 - ELECTRONIC LOCATION AND ACCESS |
| Uniform Resource Identifier |
http://www.loc.gov/catdir/enhancements/fy0603/96171430-d.html |
| 856 41 - ELECTRONIC LOCATION AND ACCESS |
| Uniform Resource Identifier |
http://www.loc.gov/catdir/enhancements/fy0603/96171430-t.html |
| 942 ## - ADDED ENTRY ELEMENTS (KOHA) |
| Koha item type |
សៀវភៅភាសាអង់គ្លេស |
| 952 ## - LOCATION AND ITEM INFORMATION (KOHA) |
| Withdrawn status [LOCAL, KOHA] |
0 |